LEADER 02537nam 2200673 a 450 001 9910455431903321 005 20200520144314.0 010 $a1-282-35583-X 010 $a9786612355837 010 $a0-520-92675-7 024 7 $a10.1525/9780520926752 035 $a(CKB)1000000000799171 035 $a(EBL)470982 035 $a(OCoLC)609850129 035 $a(SSID)ssj0000347874 035 $a(PQKBManifestationID)11947878 035 $a(PQKBTitleCode)TC0000347874 035 $a(PQKBWorkID)10333122 035 $a(PQKB)10296308 035 $a(StDuBDS)EDZ0000055744 035 $a(MiAaPQ)EBC470982 035 $a(DE-B1597)520954 035 $a(DE-B1597)9780520926752 035 $a(Au-PeEL)EBL470982 035 $a(CaPaEBR)ebr10676190 035 $a(CaONFJC)MIL235583 035 $a(EXLCZ)991000000000799171 100 $a20021009d2003 uy 0 101 0 $aeng 135 $aur|n|---||||| 181 $ctxt 182 $cc 183 $acr 200 10$aIntroduction to horned lizards of North America$b[electronic resource] /$fWade C. Sherbrooke 210 $aBerkeley $cUniversity of California Press$dc2003 215 $a1 online resource (193 p.) 225 1 $aCalifornia natural history guides ;$vno. 64 300 $aRev. ed. of: Horned lizards, unique reptiles of North America. c1981. 311 $a0-520-22827-8 311 $a0-520-22825-1 320 $aIncludes bibliographical references (p. 163-169) and index. 327 $tFrontmatter -- $tCONTENTS -- $tPREFACE -- $tACKNOWLEDGMENTS -- $tINTRODUCTION -- $tSPECIES ACCOUNTS -- $tNATURAL HISTORY -- $tSELECTED REFERENCES -- $tADDITIONAL CAPTIONS -- $tINDEX -- $tABOUT THE AUTHOR 330 $a* Features detailed species accounts; gives information on horned lizard biology, ecology, and evolution; and describes the role of these fascinating reptiles in mythology, culture, and art * Covers the United States, Mexico, and Canada, and includes all species of horned lizards 410 0$aCalifornia natural history guides ;$vno. 64. 606 $aHorned toads$zWest (U.S.) 606 $aReptiles$zWest (U.S.) 608 $aElectronic books. 615 0$aHorned toads 615 0$aReptiles 676 $a597.95 700 $aSherbrooke$b Wade C$01057463 701 $aSherbrooke$b Wade C$01057463 801 0$bMiAaPQ 801 1$bMiAaPQ 801 2$bMiAaPQ 906 $aBOOK 912 $a9910455431903321 996 $aIntroduction to horned lizards of North America$92492779 997 $aUNINA LEADER 03723nam 22008895 450 001 9910963998303321 005 20210301191347.0 010 $a9780691259437 010 $a0691259437 010 $a9781400851027 010 $a1400851025 024 7 $a10.1515/9781400851027 035 $a(CKB)2550000001192063 035 $a(EBL)3030309 035 $a(SSID)ssj0001114318 035 $a(PQKBManifestationID)11658711 035 $a(PQKBTitleCode)TC0001114318 035 $a(PQKBWorkID)11055370 035 $a(PQKB)11006487 035 $a(DE-B1597)447826 035 $a(OCoLC)979749954 035 $a(DE-B1597)9781400851027 035 $a(Perlego)736118 035 $a(MiAaPQ)EBC3030309 035 $a(FR-PaCSA)88957366 035 $a(FRCYB88957366)88957366 035 $a(iGPub)PUPB0002205 035 $a(EXLCZ)992550000001192063 100 $a20190708d2014 fg 101 0 $aeng 135 $aur|n|---||||| 181 $ctxt 182 $cc 183 $acr 200 10$aCollected Works of C.G. Jung$hVolume 19$iCollected Works of C.G. Jung, Volume 19 ; General Bibliography - Revised Edition /$fC. G. Jung; Lisa Ress, William McGuire 205 $aRevised 210 1$aPrinceton, NJ :$cPrinceton University Press,$d[2014] 210 4$dİ1979 215 $a1 online resource (0 p.) 225 0 $aCollected Works of C.G. Jung ;$vVolume 19 300 $aIncludes index. 311 08$a9780691098937 311 08$a069109893X 311 08$a9781306408066 311 08$a1306408067 320 $aIncludes bibliographical references and index. 327 $tFrontmatter --$tEDITORIAL NOTE TO THE REVISED EDITION --$tContents --$tABBREVIATIONS --$tI. THE PUBLISHED WRITINGS OF G.G. JUNG: Original Works and Transation --$tII. THE COLLECTED WORKS OF C.G. JUNG DIE GESAMMELTEN WERKE VON C.G.JUNG --$tIII. SEMINAR NOTES --$tINDEX 330 $aAs a current record of all of C. G. Jung's publications in German and in English, this volume will replace the general bibliography published in 1979 as Volume 19 of the Collected Works of C. G. Jung. In the form of a checklist, this new volume records through 1990 the initial publication of each original work by Jung, each translation into English, and all significant new editions, including paperbacks and publications in periodicals. The contents of the respective volumes of the Collected Works of C. G. Jung and the Gesammelte Werke (published in Switzerland) are listed in parallel to show the interrelation of the two editions. Jung's seminars are dealt with in detail. Where possible, information is provided about the origin of works that were first conceived as lectures. There are indexes of all publications, personal names, organizations and societies, and periodicals. 410 0$aBollingen series ;$v20. 606 $aPSYCHOLOGY / Movements / Psychoanalysis$2bisacsh 610 $aBibliography. 610 $aBollingen Foundation. 610 $aCarl Jung. 610 $aEditing. 610 $aMichael Fordham. 610 $aPantheon Books. 610 $aPaperback. 610 $aPrinceton University Press. 610 $aProceedings. 610 $aPsychology. 610 $aPublication. 610 $aRandom House. 610 $aRoutledge. 610 $aS. Fischer Verlag. 610 $aThought. 610 $aWilliam McGuire. 615 7$aPSYCHOLOGY / Movements / Psychoanalysis. 676 $a150.19/54 700 $aJung$b Carl G.$0730920 702 $aMcGuire$b William 702 $aRess$b Lisa 801 0$bDE-B1597 801 1$bDE-B1597 906 $aBOOK 912 $a9910963998303321 996 $aCollected Works of C.G. Jung$94337867 997 $aUNINA